Pays d'Europe se superposant - Statistiques

Statistiques générales
  • Ce quiz a été pris 278 fois
    219 depuis la dernière actualisation
  • Le résultat moyen est 40 sur 46
Réponses sur la Carte
Les réponses sont colorées sur une échelle allant du rouge au vert en fonction du pourcentage des utilisateurs qui les ont devinées à leur premier essai. Vous pouvez retrouver ces pourcentages ci-dessous.
 
Statistiques - réponses
Pays % Correct
France
99%
Espagne
98%
Italie
94%
Portugal
94%
Allemagne
93%
Belgique
93%
Irlande
92%
Russie
92%
Suède
92%
Finlande
91%
Lettonie
91%
Lituanie
91%
Norvège
91%
Estonie
90%
Royaume-Uni
90%
Andorre
89%
Luxembourg
89%
Danemark
88%
Hongrie
88%
Ukraine
88%
Albanie
87%
Biélorussie
87%
Croatie
87%
Islande
87%
Pays-Bas
87%
Slovaquie
87%
Suisse
87%
Vatican
87%
Autriche
86%
Grèce
86%
Monaco
86%
Slovénie
86%
Kosovo
85%
Pologne
85%
Liechtenstein
84%
Roumanie
84%
Serbie
84%
Bosnie-Hérzégovine
83%
Saint-Marin
83%
Bulgarie
82%
Malte
82%
Monténégro
82%
République Tchèque
82%
Macédoine du Nord
81%
Moldavie
79%
Turquie
50%
Aucun quiz correspondant
Distribution des résultats
% des personnes avec chaque résultat
Percentile par nombre de réponses
Votre historique - résultats
Vous n’avez pas pris ce quiz depuis la dernière actualisation